Tác động của hội nhập kinh tế quốc tế đối với phát triển nông nghiệp Việt Nam

Spremljeno u:
Bibliografski detalji
Glavni autor: Nguyễn, Từ
Format: Knjiga
Jezik:Undetermined
Izdano: Hà Nội Chính trị Quốc gia 2008
Teme:
Oznake: Dodaj oznaku
Bez oznaka, Budi prvi tko označuje ovaj zapis!
Thư viện lưu trữ: Trung tâm Học liệu Trường Đại học Cần Thơ
LEADER 00747nam a2200217Ia 4500
001 CTU_148343
008 210402s9999 xx 000 0 und d
020 |c 26000 
082 |a 338.109597 
082 |b T550 
100 |a Nguyễn, Từ 
245 0 |a Tác động của hội nhập kinh tế quốc tế đối với phát triển nông nghiệp Việt Nam 
245 0 |c Nguyễn Từ (chủ biên) 
260 |a Hà Nội 
260 |b Chính trị Quốc gia 
260 |c 2008 
650 |a Agricultural,Nông nghiệp 
650 |x Economic aspect,Khía cạnh kinh tế,Việt Nam 
650 |z Vietnam 
904 |i Nguyên 
980 |a Trung tâm Học liệu Trường Đại học Cần Thơ